| 000 | 01359nab a22002777a 4500 | ||
|---|---|---|---|
| 999 |
_c5475 _d5475 |
||
| 003 | OSt | ||
| 005 | 20251123225109.0 | ||
| 008 | 190603e xxum|||| |||| 00| 0 spa d | ||
| 040 | _cPJ | ||
| 100 |
_95872 _aIgnacio, Graciela C. |
||
| 245 | 1 | 0 |
_aDaños por el no reconocimiento de hijo. Un daño que no se repara del todo / _cGraciela C. Ignacio. |
| 260 |
_cCiudad Autónoma de Buenos Aires : _aThomson Reuters La Ley, _b2025. |
||
| 300 | _ap. 102-109 | ||
| 500 | _aCita Online: TR LALEY AR/DOC/49/2025. | ||
| 505 | _aSumario: I. Introducción.— II. La filiación por naturaleza y el reconocimiento del varón.— III. La identidad familiar.— IV. Derecho de daños.— V. A modo de cierre. | ||
| 505 | _tFallo comentado: CCiv. y Com., Salta, sala I ~ 04/09/2024 ~ A. L. del R. c. B., A. A. s/ filiación. | ||
| 505 | _t¿Te interesa el texto completo? Solicitalo al correo: koha@justierradelfuego.gov.ar | ||
| 650 | 0 |
_91004 _aFILIACION |
|
| 650 | 0 |
_96358 _aRECONOCIMIENTO DE HIJO EXTRAMATRIMONIAL |
|
| 650 | 0 |
_92345 _aDERECHO A LA IDENTIDAD |
|
| 650 | 0 |
_92741 _aDERECHOS DE LAS NIÑAS, NIÑOS Y ADOLESCENTES |
|
| 650 | 0 |
_93331 _aDAÑO |
|
| 650 | 0 |
_92823 _aDAÑOS Y PERJUICIOS |
|
| 773 | 0 |
_02713 _93170 _dCiudad Autónoma de Buenos Aires : Thomson Reuters La Ley, 2015- _tRevista Código Civil y Comercial. Nº 2 - Abril 2025 |
|
| 942 |
_2udc _cANA |
||